| 000 | 00572nam a22002057a 4500 | ||
|---|---|---|---|
| 003 | BCEG | ||
| 005 | 20260122152851.0 | ||
| 008 | 260122s1961 mx |||||||||||||||| spa d | ||
| 020 | _a9681616073 | ||
| 040 |
_aBCEG _bspa _cBCEG |
||
| 082 | 0 | 4 |
_aM863.4 _bB475a |
| 100 | 1 |
_aBenítez, Fernando, _d1912-2000. |
|
| 245 | 1 | 3 | _aEl agua envenenada. |
| 260 |
_aMéxico : _bFondo de Cultura Económica : Secretaría de Educación Pública, _c1961. |
||
| 300 | _a182 p. | ||
| 490 |
_aLecturas Mexicana ; _v45. |
||
| 541 | _aDonación. | ||
| 650 | 1 | 4 | _aNovela mexicana. |
| 942 | _cBK | ||
| 999 |
_c437051 _d437051 |
||